01840nab a22002777a 4500999001500000003000400015005001700019008004100036040000700077100003300084245010900117260007300226300001500299500007000314505062000384505011701004505008901121650003501210650003401245650003101279650003101310650003301341700003701374773013801411942001301549 c5666d5666OSt20251226214439.0190603e xxum|||| |||| 00| 0 spa d cPJ 95577aCafferata, Juan Manuel10aAlgunas reflexiones sobre los animales y los vicios ocultos en el Cód. Civ. y Com. /cJuan Cafferata.  cCiudad Autónoma de Buenos Aires :aThomson Reuters La Ley, b2025. ap. 212-226 aCita: TR LALEY AR/DOC/430/2025 Publicado en: RCCyC 2025 (junio). a Sumario: I. Cuestiones a tratar.— II. Hechos.— III. La sentencia de primera instancia.— IV. La apelación.— V. La resolución de Cámara.— VI. La aplicación del régimen de defensa del consumidor.— VII. Los defectos y la garantía de reparación de cosas muebles no consumibles.— VIII. El art. 18 de la ley 24.240.— IX. El profesional frente a la responsabilidad por vicios en el Cód. Civ. y Com. Consecuencias.— X. La existencia del vicio al tiempo de la adquisición. Carga de la prueba.— XI. Las acciones derivadas de los vicios.— XII. La naturaleza jurídica de los animales.  aFallo comentado: CNCiv., sala E ~ 11/09/2024 ~ C. R., A. L. D. L. P. c. H, L. A. y otro s/daños y perjuicios. t¿Te interesa el texto completo? Solicitalo al correo: koha@justierradelfuego.gov.ar 091497aCODIGO CIVIL Y COMERCIAL 092608aDERECHOS DEL CONSUMIDOR 092823aDAÑOS Y PERJUICIOS 092431aVICIOS REDHIBITORIOS 092597aDEFENSA DEL CONSUMIDOR 96614aPeralta Mariscal, Facundo 0 0271393170dCiudad Autónoma de Buenos Aires : Thomson Reuters La Ley, 2015-tRevista Código Civil y Comercial. Nº 3 - Junio 2025 2udccANA